| 000 | 00000nam 2200000zi 4500 |
| 001 | 9.934007 |
| 003 | CaOODSP |
| 005 | 20241223094219 |
| 006 | m o d f |
| 007 | cr cn||||||||| |
| 008 | 240215t20242023onca o f000 0 ||| d |
| 020 | |a9780660703121 |
| 040 | |aCaOODSP|beng|erda|cCaOODSP |
| 041 | 7|acrg|2iso639-3 |
| 043 | |an-cn--- |
| 086 | 1 |aH14-581/2024Crg1-PDF |
| 245 | 00|aPrivensyon ipi swin di syphilis : |bkonseyl powr li zorganizasyon komunotayr. |
| 250 | |a[French Michif edition]. |
| 264 | 1|a[Ottawa] : |b[Public Health Agency of Canada], |c[2024] |
| 264 | 4|c©2023 |
| 300 | |a1 online resource (2 unnumbered pages) : |billustrations |
| 336 | |atext|btxt|2rdacontent |
| 337 | |acomputer|bc|2rdamedia |
| 338 | |aonline resource|bcr|2rdacarrier |
| 500 | |aCaption title. |
| 500 | |aIssued by Health Canada. |
| 500 | |aIssued also in English under title: Syphilis prevention and care : tips for community-based organizations. |
| 500 | |aThe publication file in PDF format was been replaced on 6 November 2024 as requested by Health Canada. |
| 530 | |aIssued also in printed form. |
| 546 | |aText in French Michif. |
| 650 | 0|aSyphilis|zCanada|xPrevention. |
| 650 | 0|aSyphilis|xTreatment|zCanada. |
| 710 | 2 |aPublic Health Agency of Canada, |eissuing body. |
| 775 | 08|tSyphilis prevention and care : |w(CaOODSP)9.933990 |
| 776 | 0#|tSyphilis prevention and care : |w(CaOODSP)9.934008 |
| 792 | |tPrivensyon ipi swin di syphilis : |efre|w(CaOODSP)9.934234 |
| 856 | 40|qPDF|s204 KB|uhttps://publications.gc.ca/collections/collection_2024/sc-hc/H14-581-2024-crg1.pdf |